000 00321nam a22001217a 4500
008 180809b xxu||||| |||| 00| 0 eng d
041 _aeng
080 _a616-053.2
100 _a8
101 _aPED
245 _aGuidelines for Air and Ground Transport of Neonatal and Pediatric Patients
_cCloskey,K.M
942 _2udc
_cBK
999 _c46982
_d46982